Vybrané aspekty pracovnej motivácie

Gespeichert in:
Bibliographische Detailangaben
1. Verfasser: Mihalčová, Bohuslava, 1963-
Format: Buchkapitel
Sprache:Slowakisch
Tags: Tag hinzufügen
Keine Tags, Fügen Sie das erste Tag hinzu!

MARC

LEADER 00000naa$a2200000$$$4500
001 0205427
005 20240502073425.2
041 0 |a slo 
044 |a SK 
245 1 0 |a Vybrané aspekty pracovnej motivácie  |c Bohuslava Mihalčová 
100 1 |a Mihalčová, Bohuslava, 1963-